Normal view
MARC view
Entry Personal Name
001 - CONTROL NUMBER
- control field: 3543
003 - CONTROL NUMBER IDENTIFIER
- control field: BD-RjUL
005 - DATE AND TIME OF LATEST TRANSACTION
- control field: 20220612124425.0
008 - FIXED-LENGTH DATA ELEMENTS
- fixed length control field: 220612|| aca||aabn | a|a d
040 ## - CATALOGING SOURCE
- Original cataloging agency: BD-RjUL
- Transcribing agency: BD-RjUL
100 ## - HEADING--PERSONAL NAME
- Personal name: মজুমদার, অমিয়ভূষণ
670 ## - SOURCE DATA FOUND
- Source citation: Work cat.: (BD-RjUL)79953: মজুমদার, অমিয়ভূষণ , অমিয়ভূষণ রচনাসমগ্র /, ২০০৩-২০১২